|
|
|
|
| LEADER |
00000cam a2200000 a 4500 |
| 001 |
49592 |
| 003 |
Ucuenca |
| 005 |
20230308171038.0 |
| 008 |
003102|1994 enk|||||r|||||||||||spa|| |
| 020 |
|
|
|a O 435 25090 6
|
| 040 |
|
|
|b spa
|
| 041 |
0 |
|
|a eng
|
| 082 |
0 |
|
|a 428
|
| 245 |
|
|
|a Word games with english. Teachers resource book 3
|c Deirdre Howard-Williams and Cynthia Herd
|h imp
|
| 264 |
|
|
|a Oxford
|b Heinemann
|c 1994
|
| 300 |
|
|
|a 80 páginas:
|b ilu
|c 30 cm
|
| 500 |
|
|
|a Grupo 12: Games and Activities.
|
| 504 |
|
|
|a incl. ref.
|
| 650 |
1 |
|
|a Word games english
|9 59484
|
| 650 |
1 |
|
|a Games and activities
|9 55790
|
| 650 |
1 |
|
|a Enseñanza del ingles
|9 16413
|
| 700 |
|
|
|9 59830
|a Howard-Williams, Deirdre
|
| 700 |
1 |
|
|9 59483
|a Herd, Cynthia
|
| 852 |
|
|
|a UC-CDJBV
|f Donación
|l 1
|m General
|p 20031023
|r 2
|t 49592
|y 28517
|b 0
|d CDRC
|e CDRC
|g 428 SEGUNDO PISO
|z 2003-31-02
|
| 942 |
|
|
|c BK
|
| 999 |
|
|
|c 34678
|d 34678
|